[Event "Brandenburg Seniors op 13th"]
[Site "Rowy"]
[Date "2004.06.29"]
[Round "8"]
[White "Lewandowitz, Detlef"]
[Black "Cieslik, Henryk"]
[Result "0-1"]
[WhiteElo "1764"]
[BlackElo "2000"]
[PlyCount "59"]
[EventDate "2004.06.21"]
[EventType "swiss"]
[EventRounds "9"]
[EventCountry "POL"]
[SourceTitle "EXT 2006"]
[Source "ChessBase"]
[SourceDate "2005.11.24"]
[SourceVersion "1"]
[SourceVersionDate "2005.11.24"]
[SourceQuality "1"]

1. e4 c5 2. Nf3 e6 3. d4 cxd4 4. Nxd4 Nf6 5. Nc3 Bb4 6. Bd3 Bxc3+ 7. bxc3 Qa5 8. Bd2 a6 9. 0-0 Nc6 10. Nxc6 dxc6 11. Qe2 e5 12. c4 Qc5 13. Be3 Qe7 14. f3 Be6 15. Qf2 Nd7 16. f4 exf4 17. Qxf4 f6 18. Bd4 0-0 19. Qh4 Rad8 20. Rf2 Ne5 21. Raf1 Qd6 22. Bxe5 Qxe5 23. Qf4 Qd4 24. Qc7 Rf7 25. Qa5 Bxc4 26. Qb4 b5 27. Rd1 c5 28. Qd2 Bxd3 29. cxd3 Rfd7 30. Kf1 0-1

[Event "Brandenburg Seniors op 13th"]
[Site "Rowy"]
[Date "2004.06.22"]
[Round "2"]
[White "Baumbach, Friedrich"]
[Black "Cieslik, Henryk"]
[Result "1/2-1/2"]
[WhiteElo "2208"]
[BlackElo "2000"]
[PlyCount "73"]
[EventDate "2004.06.21"]
[EventType "swiss"]
[EventRounds "9"]
[EventCountry "POL"]
[SourceTitle "EXT 2006"]
[Source "ChessBase"]
[SourceDate "2005.11.24"]
[SourceVersion "1"]
[SourceVersionDate "2005.11.24"]
[SourceQuality "1"]

1. d4 d5 2. c4 e6 3. Nc3 Nf6 4. cxd5 exd5 5. Bg5 Nbd7 6. e3 c6 7. Bd3 Bb4 8. Qc2 h6 9. Bh4 0-0 10. Nf3 Re8 11. 0-0-0 Qa5 12. Kb1 Bxc3 13. Qxc3 Qxc3 14. bxc3 b5 15. Kc2 Ne4 16. Nd2 Nb6 17. Rhe1 Bf5 18. f3 Nd6 19. e4 dxe4 20. fxe4 Bg4 21. Nf3 Ndc4 22. Bg3 a5 23. Bc7 Na3+ 24. Kc1 Na4 25. Bd6 c5 26. dxc5 Nxc3 27. Rd2 b4 28. Nd4 Bc8 29. e5 Ba6 30. Bf5 Nc4 31. Rf2 Nb5 32. Nxb5 Bxb5 33. Be4 Rac8 34. Kb1 Bd7 35. Bb7 Nxd6 36. cxd6 Rc5 37. Rfe2 1/2-1/2